Algorithms in C++ (Record no. 16307)
[ view plain ]
| 000 -LEADER | |
|---|---|
| fixed length control field | 00711nam a2200241Ia 4500 |
| 005 - DATE AND TIME OF LATEST TRANSACTION | |
| control field | 20240525094844.0 |
| 008 - FIXED-LENGTH DATA ELEMENTS--GENERAL INFORMATION | |
| fixed length control field | 131103s9999 xx 000 0 und d |
| 020 ## - ISBN | অাই এস বি এন | |
| ISBN | অাই এস বি এন | 8178082497 |
| 040 ## - CATALOGING SOURCE | |
| Original cataloging agency | Loreto College |
| 041 ## - LANGUAGE CODE | |
| Language code | English |
| 082 ## - DDC | ডিউই | |
| Classification number | বর্গসংখ্যা | 005.1 |
| Book Number | গ্রন্থাঙ্ক | SED |
| 100 ## - MAIN ENTRY--PERSONAL NAME | মুখ্য সংলেখ - ব্যাক্তিনাম | |
| Personal name | ব্যাক্তিনাম | Sedgewick, Robert |
| 245 ## - TITLE STATEMENT | অাখ্যা বিবরণী | |
| Title | অাখ্যা | Algorithms in C++ |
| Sub title | উপঅাখ্যা | Parts 1-4 : Fundamentals, Data Structures, Sorting, Searching |
| Statement of responsibility | লেখকের দায়িত্বের বিবরণ | Robert Sedgewick |
| 250 ## - EDITION STATEMENT | সংস্করণ ক্ষেত্র | |
| Edition statement | সংস্করণ | Third edition |
| 260 ## - IMPRINT | প্রকাশনা ক্ষেত্র | |
| Place of publication | প্রকাশ স্থান | New Delhi |
| Name of publisher | প্রকাশকের নাম | Pearson Education |
| Date of publication | প্রকাশ কাল | 2004 |
| 300 ## - PHYSICAL DESCRIPTION | | |
| Page / Vol. No | পৃষ্ঠা / খন্ড সংখ্যা | xix,716p |
| 440 ## - SERIES STATEMENT |গ্রন্থমালা | |
| Series Title | গ্রন্থমালা অাখ্যা | Low Price Edition |
| 504 ## - BIBLIOGRAPHY, ETC. NOTE | |
| Bibliography, etc | Includes references and index |
| 650 ## - SUBJECT ADDED ENTRY--TOPICAL TERM | বিষয় শিরোনাম - মূল বিষয় | |
| Topical term | মূল বিষয় | Algorithms in C++ |
| 651 ## - SUBJECT ADDED ENTRY--GEOGRAPHIC NAME | বিষয় শিরোনাম - ভৌগলিক নাম | |
| Geographic name | ভৌগলিক বিষয় | C++ (Computer Programming Language) |
| 850 ## - HOLDING INSTITUTION | |
| Holding institution | LCLIB |
| 942 ## - ADDED ENTRY ELEMENTS (KOHA) | |
| Koha item type | Books |
| Withdrawn status | Lost status | Source of classification | Damaged status | Not for loan | Home library | Current library | Date acquired | Total Checkouts | Full call number | Accession No. | Date last seen | Price effective from | Koha item type | Coded location qualifier |
|---|---|---|---|---|---|---|---|---|---|---|---|---|---|---|
| Dewey Decimal Classification | Loreto College | Loreto College | 04/11/2013 | 005.1 SED 45613 | B16379 | 04/11/2013 | 04/11/2013 | Books | ||||||
| Dewey Decimal Classification | Loreto College | Loreto College | 04/11/2013 | 005.1 SED 46058 | B18397 | 04/11/2013 | 04/11/2013 | Books |